|
|
|
|
| LEADER |
00801nab a2200229 i 4500 |
| 001 |
publ33926 |
| 005 |
20250611132007.0 |
| 008 |
250611s1974 hu o 000 ger d |
| 022 |
|
|
|a 0001-6659
|
| 024 |
7 |
|
|a 2369750
|2 mtmt
|
| 040 |
|
|
|a SZTE Publicatio Repozitórium
|b hun
|
| 041 |
|
|
|a ger
|
| 100 |
1 |
|
|a Reisch Johannes
|
| 245 |
1 |
0 |
|a Massenspektrometrische Studien an Rutaceen-Alkaloiden [Mass spectrometric analysis of Rutaceae alkaloids]
|h [elektronikus dokumentum] /
|c Reisch Johannes
|
| 260 |
|
|
|c 1974
|
| 300 |
|
|
|a 107-115
|
| 490 |
0 |
|
|a ACTA PHARMACEUTICA HUNGARICA
|v 44 No. 3
|
| 650 |
|
4 |
|a Klinikai orvostan
|
| 700 |
0 |
1 |
|a Szendrei Kálmán
|e aut
|
| 700 |
0 |
1 |
|a Novák István
|e aut
|
| 700 |
0 |
1 |
|a Minker Emil
|e aut
|
| 856 |
4 |
0 |
|u http://publicatio.bibl.u-szeged.hu/33926/1/aok_klny_421_74.pdf
|z Dokumentum-elérés
|